El sargento Grischa / (Record no. 130101)

MARC details
000 -LEADER
campo de control de longitud fija 00488nam a2200169 i 4500
001 - NÚMERO DE CONTROL
campo de control 130101
003 - IDENTIFICADOR DE NÚMERO DE CONTROL
campo de control ES-MaACL
007 - CAMPO FIJO DE DESCRIPCIÓN FÍSICA--INFORMACIÓN GENERAL
campo de control de longitud fija t|
008 - DATOS DE LONGITUD FIJA--INFORMACIÓN GENERAL
campo de control de longitud fija 070718s1929 sp ||||1| spa d
100 1# - ENTRADA PRINCIPAL--NOMBRE DE PERSONA
Nombre de persona Zweig, Arnold.
9 (RLIN) 118559
245 13 - MENCIÓN DEL TÍTULO
Título El sargento Grischa /
Mención de responsabilidad, etc. Arnold Zweig ; traducción del alemán por Salvador Vila.
260 ## - PUBLICACIÓN, DISTRIBUCIÓN, ETC.
Lugar de publicación, distribución, etc. Madrid :
Nombre del editor, distribuidor, etc. Imp. Argis,
Fecha de publicación, distribución, etc. 1929.
300 ## - DESCRIPCIÓN FÍSICA
Extensión 458 p. ;
Dimensiones 13 cm.
500 ## - NOTA GENERAL
Nota general Grab. intercal.
700 1# - ENTRADA AGREGADA--NOMBRE PERSONAL
Nombre de persona Vila, Salvador.
9 (RLIN) 114704
852 ## - LOCALIZACIÓN
Ubicación ES-MaACL
Número de control de estantería B-2813
Holdings
Estatus retirado Estado de pérdida Estado de daño No para préstamo Biblioteca de origen Biblioteca actual Ubicación en estantería Fecha de adquisición Fuente de adquisición Total de préstamos Signatura topográfica completa Código de barras Visto por última vez Precio de reemplazo Tipo de ítem Koha
        Biblioteca del Ateneo de Madrid Biblioteca del Ateneo de Madrid Sala Pardo Bazán 17/01/2008     B-2813 1135469 23/02/2023 23/02/2023 Libro impreso